Contemporary strategic marketing

Includes bibliographical references and index

Saved in:
Bibliographic Details
Main Author: Brennan, Ross
Other Authors: Baines, Paul
Format: Book
Language:Undetermined
Published: Houndmills, Basingstoke, Hampshire Palgrave Macmillan 2003
Subjects:
Online Access:http://lrc.tdmu.edu.vn/opac/search/detail.asp?aID=2&ID=28693
Tags: Add Tag
No Tags, Be the first to tag this record!
Institutions: Trung tâm Học liệu Trường Đại học Thủ Dầu Một
LEADER 00743nam a2200217Ia 4500
001 TDMU_28693
008 210410s9999 xx 000 0 und d
082 |a 420.9 
090 |b BR204 
100 |a Brennan, Ross 
245 0 |a Contemporary strategic marketing 
245 0 |c Ross Brennan, Paul Baines, Paul Garneau 
260 |a Houndmills, Basingstoke, Hampshire 
260 |b Palgrave Macmillan 
260 |c 2003 
300 |a xxiv, 380 p. 
520 |a Includes bibliographical references and index 
650 |a Marketing  |x Management; Tiếp thị  |x Quản lý 
700 |a Baines, Paul 
856 |u http://lrc.tdmu.edu.vn/opac/search/detail.asp?aID=2&ID=28693 
980 |a Trung tâm Học liệu Trường Đại học Thủ Dầu Một